<?xml version="1.0" encoding="UTF-8"?>
<collection xmlns="http://www.loc.gov/MARC21/slim">
 <record>
  <leader>02662aam a22003258a 4500</leader>
  <controlfield tag="001">NCT_14830</controlfield>
  <controlfield tag="008">110709s2011                  ||||||viesd</controlfield>
  <datafield tag="999" ind1=" " ind2=" ">
   <subfield code="c">710</subfield>
   <subfield code="d">710</subfield>
  </datafield>
  <datafield tag="020" ind1=" " ind2=" ">
   <subfield code="c">37000</subfield>
  </datafield>
  <datafield tag="082" ind1="0" ind2="4">
   <subfield code="2">23rd ed.</subfield>
   <subfield code="a">519</subfield>
   <subfield code="b">Đ455</subfield>
  </datafield>
  <datafield tag="100" ind1="1" ind2=" ">
   <subfield code="a">Lê Sĩ Đồng</subfield>
  </datafield>
  <datafield tag="245" ind1="1" ind2="0">
   <subfield code="a">Xác suất - Thống kê và ứng dụng</subfield>
   <subfield code="c">Lê Sĩ Đồng</subfield>
  </datafield>
  <datafield tag="250" ind1=" " ind2=" ">
   <subfield code="a">Tái bản lần thứ 5</subfield>
  </datafield>
  <datafield tag="260" ind1=" " ind2=" ">
   <subfield code="a">H.</subfield>
   <subfield code="b">Giáo dục</subfield>
   <subfield code="c">2011</subfield>
  </datafield>
  <datafield tag="300" ind1=" " ind2=" ">
   <subfield code="a">239tr.</subfield>
   <subfield code="b">hình vẽ, bảng</subfield>
   <subfield code="c">21cm</subfield>
  </datafield>
  <datafield tag="520" ind1="3" ind2=" ">
   <subfield code="a">Trình bày kiến thức về biến cố ngẫu nhiên và xác suất của biến cố, biến ngẫu nhiên, một số phân phối xác suất thông dụng, biến ngẫu nhiên hai chiều. Lí thuyết mẫu trong thống kê, ước lượng tham số, kiểm định giả thuyết thống kê, tương quan và hồi quy</subfield>
  </datafield>
  <datafield tag="653" ind1=" " ind2=" ">
   <subfield code="a">Khoa học cơ bản</subfield>
  </datafield>
  <datafield tag="655" ind1=" " ind2="7">
   <subfield code="a">Giáo trình</subfield>
  </datafield>
  <datafield tag="942" ind1=" " ind2=" ">
   <subfield code="2">ddc</subfield>
   <subfield code="c">BK</subfield>
  </datafield>
  <datafield tag="952" ind1=" " ind2=" ">
   <subfield code="0">0</subfield>
   <subfield code="1">0</subfield>
   <subfield code="2">ddc</subfield>
   <subfield code="4">0</subfield>
   <subfield code="6">519_000000000000000_Đ455</subfield>
   <subfield code="7">0</subfield>
   <subfield code="9">5202</subfield>
   <subfield code="a">000001</subfield>
   <subfield code="b">000001</subfield>
   <subfield code="d">2017-12-02</subfield>
   <subfield code="o">519 Đ455</subfield>
   <subfield code="p">MD.03777</subfield>
   <subfield code="r">2017-12-02</subfield>
   <subfield code="v">37000.00</subfield>
   <subfield code="w">2017-12-02</subfield>
   <subfield code="y">BK</subfield>
  </datafield>
  <datafield tag="952" ind1=" " ind2=" ">
   <subfield code="0">0</subfield>
   <subfield code="1">0</subfield>
   <subfield code="2">ddc</subfield>
   <subfield code="4">0</subfield>
   <subfield code="6">519_000000000000000_Đ455</subfield>
   <subfield code="7">0</subfield>
   <subfield code="9">5203</subfield>
   <subfield code="a">000001</subfield>
   <subfield code="b">000001</subfield>
   <subfield code="d">2017-12-02</subfield>
   <subfield code="l">2</subfield>
   <subfield code="o">519 Đ455</subfield>
   <subfield code="p">MD.03778</subfield>
   <subfield code="r">2019-03-06</subfield>
   <subfield code="s">2019-02-20</subfield>
   <subfield code="v">37000.00</subfield>
   <subfield code="w">2017-12-02</subfield>
   <subfield code="y">BK</subfield>
  </datafield>
  <datafield tag="952" ind1=" " ind2=" ">
   <subfield code="0">0</subfield>
   <subfield code="1">0</subfield>
   <subfield code="2">ddc</subfield>
   <subfield code="4">0</subfield>
   <subfield code="6">519_000000000000000_Đ455</subfield>
   <subfield code="7">0</subfield>
   <subfield code="9">5204</subfield>
   <subfield code="a">000001</subfield>
   <subfield code="b">000001</subfield>
   <subfield code="d">2017-12-02</subfield>
   <subfield code="l">1</subfield>
   <subfield code="o">519 Đ455</subfield>
   <subfield code="p">MD.03779</subfield>
   <subfield code="r">2021-05-20</subfield>
   <subfield code="s">2021-05-04</subfield>
   <subfield code="v">37000.00</subfield>
   <subfield code="w">2017-12-02</subfield>
   <subfield code="y">BK</subfield>
  </datafield>
  <datafield tag="952" ind1=" " ind2=" ">
   <subfield code="0">0</subfield>
   <subfield code="1">0</subfield>
   <subfield code="2">ddc</subfield>
   <subfield code="4">0</subfield>
   <subfield code="6">519_000000000000000_Đ455</subfield>
   <subfield code="7">0</subfield>
   <subfield code="9">5205</subfield>
   <subfield code="a">000001</subfield>
   <subfield code="b">000001</subfield>
   <subfield code="d">2017-12-02</subfield>
   <subfield code="o">519 Đ455</subfield>
   <subfield code="p">MD.03780</subfield>
   <subfield code="r">2017-12-02</subfield>
   <subfield code="v">37000.00</subfield>
   <subfield code="w">2017-12-02</subfield>
   <subfield code="y">BK</subfield>
  </datafield>
  <datafield tag="952" ind1=" " ind2=" ">
   <subfield code="0">0</subfield>
   <subfield code="1">0</subfield>
   <subfield code="2">ddc</subfield>
   <subfield code="4">0</subfield>
   <subfield code="6">519_000000000000000_Đ455</subfield>
   <subfield code="7">0</subfield>
   <subfield code="9">5206</subfield>
   <subfield code="a">000001</subfield>
   <subfield code="b">000001</subfield>
   <subfield code="d">2017-12-02</subfield>
   <subfield code="l">1</subfield>
   <subfield code="o">519 Đ455</subfield>
   <subfield code="p">MD.03781</subfield>
   <subfield code="r">2018-05-03</subfield>
   <subfield code="s">2018-04-18</subfield>
   <subfield code="v">37000.00</subfield>
   <subfield code="w">2017-12-02</subfield>
   <subfield code="y">BK</subfield>
  </datafield>
  <datafield tag="952" ind1=" " ind2=" ">
   <subfield code="0">0</subfield>
   <subfield code="1">0</subfield>
   <subfield code="2">ddc</subfield>
   <subfield code="4">0</subfield>
   <subfield code="6">519_000000000000000_Đ455</subfield>
   <subfield code="7">0</subfield>
   <subfield code="9">5207</subfield>
   <subfield code="a">000001</subfield>
   <subfield code="b">000001</subfield>
   <subfield code="d">2017-12-02</subfield>
   <subfield code="l">3</subfield>
   <subfield code="o">519 Đ455</subfield>
   <subfield code="p">MD.03782</subfield>
   <subfield code="r">2018-06-08</subfield>
   <subfield code="s">2018-05-23</subfield>
   <subfield code="v">37000.00</subfield>
   <subfield code="w">2017-12-02</subfield>
   <subfield code="y">BK</subfield>
  </datafield>
  <datafield tag="952" ind1=" " ind2=" ">
   <subfield code="0">0</subfield>
   <subfield code="1">0</subfield>
   <subfield code="2">ddc</subfield>
   <subfield code="4">0</subfield>
   <subfield code="6">519_000000000000000_Đ455</subfield>
   <subfield code="7">0</subfield>
   <subfield code="9">5208</subfield>
   <subfield code="a">000001</subfield>
   <subfield code="b">000001</subfield>
   <subfield code="d">2017-12-02</subfield>
   <subfield code="l">2</subfield>
   <subfield code="o">519 Đ455</subfield>
   <subfield code="p">MD.03783</subfield>
   <subfield code="r">2018-04-03</subfield>
   <subfield code="s">2018-03-19</subfield>
   <subfield code="v">37000.00</subfield>
   <subfield code="w">2017-12-02</subfield>
   <subfield code="y">BK</subfield>
  </datafield>
  <datafield tag="952" ind1=" " ind2=" ">
   <subfield code="0">0</subfield>
   <subfield code="1">0</subfield>
   <subfield code="2">ddc</subfield>
   <subfield code="4">0</subfield>
   <subfield code="6">519_000000000000000_Đ455</subfield>
   <subfield code="7">0</subfield>
   <subfield code="9">5209</subfield>
   <subfield code="a">000001</subfield>
   <subfield code="b">000001</subfield>
   <subfield code="d">2017-12-02</subfield>
   <subfield code="l">1</subfield>
   <subfield code="o">519 Đ455</subfield>
   <subfield code="p">MD.03785</subfield>
   <subfield code="r">2019-04-09</subfield>
   <subfield code="s">2019-04-02</subfield>
   <subfield code="v">37000.00</subfield>
   <subfield code="w">2017-12-02</subfield>
   <subfield code="y">BK</subfield>
  </datafield>
  <datafield tag="952" ind1=" " ind2=" ">
   <subfield code="0">0</subfield>
   <subfield code="1">0</subfield>
   <subfield code="2">ddc</subfield>
   <subfield code="4">0</subfield>
   <subfield code="6">519_000000000000000_Đ455</subfield>
   <subfield code="7">0</subfield>
   <subfield code="9">5210</subfield>
   <subfield code="a">000001</subfield>
   <subfield code="b">000001</subfield>
   <subfield code="d">2017-12-02</subfield>
   <subfield code="o">519 Đ455</subfield>
   <subfield code="p">MD.03786</subfield>
   <subfield code="r">2017-12-02</subfield>
   <subfield code="v">37000.00</subfield>
   <subfield code="w">2017-12-02</subfield>
   <subfield code="y">BK</subfield>
  </datafield>
  <datafield tag="952" ind1=" " ind2=" ">
   <subfield code="0">0</subfield>
   <subfield code="1">0</subfield>
   <subfield code="2">ddc</subfield>
   <subfield code="4">0</subfield>
   <subfield code="6">519_000000000000000_Đ455</subfield>
   <subfield code="7">0</subfield>
   <subfield code="9">6700</subfield>
   <subfield code="a">000001</subfield>
   <subfield code="b">000001</subfield>
   <subfield code="d">2018-03-20</subfield>
   <subfield code="l">2</subfield>
   <subfield code="o">519 Đ455</subfield>
   <subfield code="p">MD.03784</subfield>
   <subfield code="r">2021-05-14</subfield>
   <subfield code="s">2021-05-04</subfield>
   <subfield code="v">37000.00</subfield>
   <subfield code="w">2018-03-20</subfield>
   <subfield code="y">BK</subfield>
  </datafield>
  <datafield tag="980" ind1=" " ind2=" ">
   <subfield code="a">Thư viện Trường Đại học Nam Cần Thơ</subfield>
  </datafield>
 </record>
</collection>
